01077nam a22001577a 4500008004100000020001800041082001400059100002400073245006200097250002200159260006500181300002600246500001900272650061000291700001800901201023b ||||| |||| 00| 0 eng d a9789389552447 a658.8 LAU a Laudon Kenneth C.  aManagement Information SystemsbManaging the digital firm aSixteenth edition aIndia :b Pearson India Education Services Pvt. Ltd. c2020. axxxii, 648 p.c25 cm. aInclude index. aManagement Information Systemsis a book that delves into how business firms across the globe use information technologies and systems to accomplish business objectives. In a world, where a continuous stream of information technology innovations are transforming the traditional business world, information systems are serving as a tool for business managers to achieve corporate advantage. Regardless of whether the students are in the field of accounting, finance, management, operations management or marketing, the information provided in this book will be valuable throughout their respective careers. aLaudon Jane P